| 000 | 00999nam a2200277Ia 4500 | ||
|---|---|---|---|
| 003 | OSt | ||
| 005 | 20221005025920.0 | ||
| 006 | a|||||r|||| 00| 0 | ||
| 007 | ta | ||
| 008 | 221004b |||||||| |||| 00| 0 eng d | ||
| 020 |
_a9781443898874 (hbk) _cUKP 61.99 |
||
| 024 | _a37806 | ||
| 037 |
_b111629, 24/01/2018, International Book Distributors _cTextual |
||
| 040 |
_aCRL _cCRL _beng |
||
| 041 |
_2eng _aeng |
||
| 082 | _aO111944:g, Q7 | ||
| 100 |
_aCrowley Cornelius Ed. _9582269 |
||
| 245 | 0 | _aHeritage and ruptures in Indian literature culture and cinema | |
| 260 |
_aCambridge _bCambridge Scholars Publishing UK _c2017 |
||
| 300 |
_axvi,276p. _ccm. |
||
| 650 | _aINDIAN LITERATURE | ||
| 700 |
_a Ganapathy-Dore Geetha Ed. _9582270 |
||
| 700 |
_a Naumann Michel Ed. _9582271 |
||
| 942 |
_hO111944:g, Q7 _cTEXL _2cc |
||
| 999 |
_c935445 _d935445 |
||